000 00445nam a2200181Ia 4500
001 9725
005 20260306161739.0
008 260306t2012||||xx |||||||||||||| ||spa||
041 _aESP
082 _a410
_bB141 V. 1
100 _aGrupo Océano
_eAUT
245 0 _aBiblioteca de comunicación:
_btécnicas de aprendizaje comunicativo
260 _c2012
300 _a
_c26 cm.
650 _aGEN
654 _aCED
942 _cLIB
_dJUS
_fJUS
_2ddc
_n
999 _c9725
_d9725